000
00307nam a2200133Ia 4500
008
191201s2019 xx 000 0 und d
082
_a
615.19 GUD
100
_a
GUPTA,M.K
245
0
_a
Drug Inspector
260
_b
Birla Pub
_a
New Delhi
_c
2019
300
_a
512
650
_a
Pharmaceutics
942
_2
ddc
_c
BK
999
_c
8261
_d
8261